[Event "Andalucia-chA"]
[Site "Algeciras"]
[Date "2018.05.20"]
[Round "8"]
[White "Sanjuan Garcia, Miguel"]
[Black "Puertas Martin, Savins"]
[Result "1/2-1/2"]
[WhiteElo "2112"]
[BlackElo "2196"]
[PlyCount "112"]
[EventDate "2018.05.12"]
[EventType "swiss"]
[EventRounds "8"]
[EventCountry "ESP"]
[SourceTitle "EXT 2020"]
[Source "ChessBase"]
[SourceDate "2019.10.17"]
[SourceVersion "1"]
[SourceVersionDate "2019.10.17"]
[SourceQuality "1"]

1. e4 e5 2. Nc3 Nc6 3. g3 Bc5 4. Bg2 d6 5. Nge2 a6 6. d3 Bg4 7. h3 Be6 8. Nd5 Nge7 9. Be3 Bxe3 10. fxe3 Qd7 11. c4 Nd8 12. Qd2 f6 13. Qa5 b6 14. Qa3 Nc8 15. Kf2 0-0 16. Kg1 Nf7 17. g4 c6 18. Ndc3 Ne7 19. Kh2 b5 20. b3 Rab8 21. Qc1 d5 22. exd5 cxd5 23. cxd5 Nxd5 24. Nxd5 Bxd5 25. e4 Bb7 26. Qe3 Rfd8 27. Rhd1 Rbc8 28. Rd2 Rc6 29. Kh1 Ng5 30. Rad1 Ne6 31. d4 exd4 32. Nxd4 Rd6 33. Nf3 Qc7 34. Rxd6 Rxd6 35. Rc1 Rc6 36. Rxc6 Bxc6 37. g5 Nf4 38. gxf6 gxf6 39. Nd4 Nxg2 40. Kxg2 Bd7 41. Qg3+ Qxg3+ 42. Kxg3 b4 43. h4 Kg7 44. Kf4 Kg6 45. Nc2 a5 46. Ne3 Bb5 47. Nd5 Bd3 48. Ne7+ Kf7 49. Nc6 Bb1 50. Nxa5 Bxa2 51. Kf5 Bb1 52. Nc6 Bc2 53. Nxb4 Bxb3 54. Nd5 Bxd5 55. exd5 Ke7 56. h5 Kd6 1/2-1/2

[Event "Almeria Sola Memorial 1st"]
[Site "Almeria"]
[Date "2014.12.27"]
[Round "5"]
[White "Puertas Martin, Savins"]
[Black "Uroz Torres, David"]
[Result "1-0"]
[WhiteElo "2077"]
[BlackElo "1926"]
[PlyCount "69"]
[EventDate "2014.12.26"]
[EventType "swiss"]
[EventRounds "7"]
[EventCountry "ESP"]
[SourceTitle "CBM 164 Extra"]
[Source "ChessBase"]
[SourceDate "2015.03.02"]
[SourceVersion "1"]
[SourceVersionDate "2015.03.02"]
[SourceQuality "1"]

1. e4 e6 2. d4 d5 3. Nd2 Nf6 4. e5 Nfd7 5. f4 c5 6. c3 Nc6 7. Ndf3 Qb6 8. Ne2 f6 9. a3 Be7 10. Ng3 cxd4 11. cxd4 0-0 12. b4 fxe5 13. dxe5 Ndxe5 14. fxe5 Nxe5 15. Bb2 Qe3+ 16. Be2 Nxf3+ 17. gxf3 Bf6 18. Bxf6 Rxf6 19. Qd2 Rxf3 20. Qxe3 Rxe3 21. Kd2 d4 22. Rac1 Bd7 23. Rc7 Bc6 24. Rf1 Rf8 25. Rxf8+ Kxf8 26. Bd3 Rf3 27. Bc4 e5 28. b5 Bxb5 29. Bxb5 Rxa3 30. Bc4 Rc3 31. Nf5 Ke8 32. Nxg7+ Kf8 33. Ne6+ Kg8 34. Nxd4+ Kf8 35. Kxc3 1-0

[Event "Roquetas de Mar op 24th"]
[Site "Roquetas de Mar"]
[Date "2013.01.02"]
[Round "1"]
[White "Puertas Martin, Savins"]
[Black "Nikolov, Momchil"]
[Result "0-1"]
[WhiteElo "2112"]
[BlackElo "2545"]
[PlyCount "102"]
[EventDate "2013.01.02"]
[EventType "swiss"]
[EventRounds "9"]
[EventCountry "ESP"]
[SourceTitle "CBM 152 Extra"]
[Source "ChessBase"]
[SourceDate "2013.02.25"]
[SourceVersion "1"]
[SourceVersionDate "2013.02.25"]
[SourceQuality "1"]

1. e4 c5 2. Nf3 e6 3. d4 cxd4 4. Nxd4 a6 5. c3 Qc7 6. Bd3 Nf6 7. 0-0 b6 8. Be3 Bb7 9. Nd2 d6 10. Qe2 Nbd7 11. f3 d5 12. Bg5 Bd6 13. g3 h6 14. Bxf6 Nxf6 15. Rfe1 dxe4 16. Nxe4 Be7 17. Rad1 0-0 18. Nxf6+ Bxf6 19. Be4 Rad8 20. Bxb7 Bxd4+ 21. Rxd4 Rxd4 22. cxd4 Qxb7 23. Qe4 Qc7 24. Qd3 b5 25. Qc3 Qb7 26. Re5 Rd8 27. Kf2 g6 28. h4 h5 29. Rc5 Qd7 30. Ke3 Qd6 31. f4 Qd7 32. a3 a5 33. b4 axb4 34. Qxb4 Qb7 35. Rxb5 Qg2 36. Qe1 Rc8 37. Rc5 Rb8 38. Rc3 Rb2 39. Kd3 Kh7 40. a4 Qf3+ 41. Kc4 Qc6+ 42. Kd3 Qxa4 43. Ke3 Qa8 44. Kd3 Qf3+ 45. Kc4 Qg2 46. Kd3 Rf2 47. Kc4 Qd5+ 48. Kd3 Rf3+ 49. Kc2 Qa2+ 50. Kd1 Qb1+ 51. Rc1 Qd3+ 0-1

[Event "Andalucia-ch U18"]
[Site "Almeria"]
[Date "2011.04.20"]
[Round "8.2"]
[White "Puertas Martin, Savins"]
[Black "Ladron de Guevara Pinto, Paolo"]
[Result "1/2-1/2"]
[WhiteElo "2063"]
[BlackElo "2280"]
[PlyCount "45"]
[EventDate "2011.04.16"]
[EventType "swiss"]
[EventRounds "8"]
[EventCountry "ESP"]
[SourceTitle "EXT 2024"]
[Source "ChessBase"]
[SourceDate "2023.10.10"]
[SourceVersion "1"]
[SourceVersionDate "2023.10.10"]
[SourceQuality "1"]

1. e4 e6 2. d4 d5 3. exd5 exd5 4. Bd3 Bd6 5. c3 Nc6 6. Nf3 Bg4 7. Qe2+ Nge7 8. Bg5 f6 9. Bh4 Qd7 10. Nbd2 0-0-0 11. 0-0-0 Rde8 12. Bg3 Ng6 13. Qf1 Nf4 14. Bxf4 Bxf4 15. Be2 Re7 16. Ng1 Bf5 17. Bd3 Rhe8 18. g3 Bxd2+ 19. Kxd2 Nd8 20. Kc1 Nf7 21. Bxf5 Qxf5 22. Qh3 Qxh3 23. Nxh3 1/2-1/2

[Event "Andalucia-ch 0708"]
[Site "Motril"]
[Date "2008.05.17"]
[Round "4"]
[White "Terron Elena, Francisco Miguel"]
[Black "Puertas Martin, Savins"]
[Result "1-0"]
[WhiteElo "2295"]
[BlackElo "2012"]
[PlyCount "85"]
[EventDate "2008.05.10"]
[EventType "swiss"]
[EventRounds "8"]
[EventCountry "ESP"]
[SourceTitle "EXT 2009"]
[Source "ChessBase"]
[SourceDate "2008.11.26"]
[SourceVersion "1"]
[SourceVersionDate "2008.11.26"]
[SourceQuality "1"]

1. d4 d5 2. c4 e6 3. Nc3 c6 4. e3 Nf6 5. Nf3 Bd6 6. Ne5 Nbd7 7. f4 Bb4 8. Bd3 Bxc3+ 9. bxc3 Nxe5 10. fxe5 Ne4 11. 0-0 Nxc3 12. Qh5 g6 13. Qh6 Qe7 14. a4 Qf8 15. Qh4 Qe7 16. Rf6 b6 17. Ba3 c5 18. Raf1 Bd7 19. a5 dxc4 20. Bxc4 Nd5 21. Qe4 Rf8 22. Bxd5 exd5 23. Qxd5 Rc8 24. axb6 axb6 25. Rxb6 Be6 26. Qf3 Bc4 27. Rc1 Qd8 28. Bxc5 Bd5 29. Qf1 Qg5 30. Re1 Rh8 31. e4 Be6 32. Rxe6+ fxe6 33. Qa6 Rxc5 34. Qxe6+ Kf8 35. dxc5 Kg7 36. Rf1 Rf8 37. Rxf8 Qc1+ 38. Rf1 Qxc5+ 39. Kh1 Kh6 40. Qf6 Kh5 41. e6 Kg4 42. e7 h5 43. Qf4# 1-0

[Event "Andalucia-ch U18"]
[Site "Motril"]
[Date "2008.03.16"]
[Round "4.12"]
[White "Camacho Vargas, Francisco"]
[Black "Puertas Martin, Savins"]
[Result "1/2-1/2"]
[WhiteElo "2045"]
[BlackElo "1895"]
[PlyCount "98"]
[EventDate "2008.03.14"]
[EventType "swiss"]
[EventRounds "8"]
[EventCountry "ESP"]
[SourceTitle "EXT 2024"]
[Source "ChessBase"]
[SourceDate "2023.10.10"]
[SourceVersion "1"]
[SourceVersionDate "2023.10.10"]
[SourceQuality "1"]

1. e4 e5 2. Nf3 Nc6 3. Bc4 Bc5 4. c3 Nf6 5. d4 exd4 6. cxd4 Bb4+ 7. Bd2 Bxd2+ 8. Nbxd2 d5 9. exd5 Nxd5 10. 0-0 0-0 11. Qc2 Be6 12. a3 Qf6 13. Ne4 Qg6 14. g3 Nf4 15. Bxe6 fxe6 16. Nh4 Qh6 17. Rad1 g5 18. Ng2 Nxg2 19. Kxg2 g4 20. f4 gxf3+ 21. Rxf3 Rxf3 22. Kxf3 Rf8+ 23. Kg2 Qe3 24. Qd3 Qxd3 25. Rxd3 Rd8 26. d5 Ne5 27. Rd4 exd5 28. Rxd5 Rxd5 29. Nf6+ Kf7 30. Nxd5 c6 31. Ne3 Ke6 32. b4 b6 33. Kf2 a5 34. bxa5 bxa5 35. Ke2 Kd6 36. g4 Kc5 37. h4 Kd4 38. g5 Ke4 39. h5 Kf4 40. g6 hxg6 41. hxg6 Nxg6 42. Nc4 a4 43. Nb2 Ne5 44. Kd2 Ke4 45. Kc3 Kd5 46. Nxa4 Nc4 47. Kb4 Ne3 48. Nc3+ Kd4 49. Ne2+ Kd5 1/2-1/2

[Event "Almeria 2nd"]
[Site "Almeria"]
[Date "2007.??.??"]
[Round "2"]
[White "Puertas Martin, Savins"]
[Black "Fernandez Rodriguez, Ramon"]
[Result "1-0"]
[WhiteElo "1895"]
[BlackElo "1975"]
[PlyCount "73"]
[EventDate "2007.12.06"]
[EventType "tourn"]
[EventRounds "9"]
[EventCountry "ESP"]
[SourceTitle "CBM 121 Extra"]
[Source "ChessBase"]
[SourceDate "2008.01.10"]
[SourceVersion "1"]
[SourceVersionDate "2008.01.10"]
[SourceQuality "1"]

1. e4 c6 2. d4 d5 3. e5 Bf5 4. Bd3 Bxd3 5. Qxd3 e6 6. Ne2 Nd7 7. 0-0 c5 8. c3 Qb6 9. Nd2 g6 10. f4 Bg7 11. Nf3 Ne7 12. g4 h5 13. h3 0-0-0 14. b3 hxg4 15. hxg4 Rh3 16. Kg2 Rdh8 17. Neg1 Rh1 18. Be3 f6 19. Bf2 Qc7 20. Bg3 c4 21. Qe3 R1h6 22. exf6 Bxf6 23. g5 Nf5 24. Qxe6 Bxg5 25. Nxg5 Rh5 26. Nf7 Rf8 27. Ne5 Ne3+ 28. Kf2 Nxf1 29. Rxf1 g5 30. f5 g4 31. Kg2 Qd8 32. Nf7 Qf6 33. Nd6+ Kd8 34. Nxb7+ Kc8 35. Nd6+ Kd8 36. Qxd5 Rh7 37. Qa8+ 1-0

[Event "Almeria 2nd"]
[Site "Almeria"]
[Date "2007.??.??"]
[Round "8"]
[White "Puertas Martin, Savins"]
[Black "Rivas Pastor, Manuel"]
[Result "0-1"]
[WhiteElo "1895"]
[BlackElo "2511"]
[PlyCount "56"]
[EventDate "2007.12.06"]
[EventType "tourn"]
[EventRounds "9"]
[EventCountry "ESP"]
[SourceTitle "CBM 121 Extra"]
[Source "ChessBase"]
[SourceDate "2008.01.10"]
[SourceVersion "1"]
[SourceVersionDate "2008.01.10"]
[SourceQuality "1"]

1. e4 c5 2. Nf3 a6 3. d4 cxd4 4. Nxd4 Nf6 5. Bd3 e5 6. Nf3 d5 7. Qe2 dxe4 8. Bxe4 Nxe4 9. Qxe4 Nc6 10. c3 f5 11. Qe3 Bd6 12. Nbd2 Be6 13. 0-0 0-0 14. Ng5 f4 15. Qd3 Qxg5 16. Qxd6 Qg6 17. f3 Rad8 18. Qc5 Rf7 19. Ne4 Bd5 20. Nd2 e4 21. Nxe4 Bxe4 22. fxe4 f3 23. g3 f2+ 24. Rxf2 Rd1+ 25. Kg2 Qxe4+ 26. Kh3 Rd5 27. Re2 Qf5+ 28. g4 Qf3+ 0-1